Отчет Ссудо-сберегательной кассы служащих Торгового товарищества Ф. и П. Панкратовых в Оренбурге... Г. существования 1-й, с 1 авг. 1910 г. по 1 авг. 1911 г. (Запись № 6330840)

Подробности
000 -МАРКЕР
контрольное поле 01378nam2a22002291 4500
001 - ИДЕНТИФИКАТОР ЗАПИСИ
контрольное поле v19\rc\1906213
005 - ИДЕНТИФИКАТОР ВЕРСИИ
контрольное поле 20251118180537.3
035 ## - ДРУГИЕ СИСТЕМНЫЕ НОМЕРА
Идентификатор записи (NLR Aleph) 004995470
100 ## - ДАННЫЕ ОБЩЕЙ ОБРАБОТКИ
Данные общей обработки 20251123 rusy50
101 0# - ЯЗЫК РЕСУРСА
Язык текста, звукозаписи и т.д. русский
102 ## - СТРАНА ПУБЛИКАЦИИ ИЛИ ПРОИЗВОДСТВА
Страна публикации Российская Федерация
105 ## - ПОЛЕ КОДИРОВАННЫХ ДАННЫХ: ТЕКСТОВЫЕ МАТЕРИАЛЫ, МОНОГРАФИЧЕСКИЕ
Кодированные данные о монографическом текстовом документе y z |||||
200 0# - ЗАГЛАВИЕ И СВЕДЕНИЯ ОБ ОТВЕТСТВЕННОСТИ
Основное заглавие Г. существования 1-й, с 1 авг. 1910 г. по 1 авг. 1911 г.
461 #0 - УРОВЕНЬ НАБОРА
Встроенное поле 001v19\rc\1906212
-- 2001#$aОтчет Ссудо-сберегательной кассы служащих Торгового товарищества Ф. и П. Панкратовых в Оренбурге...$vГ. существования 1-й, с 1 авг. 1910 г. по 1 авг. 1911 г.
Системный номер (АБИС) связанной записи 6330833
Автор "Панкратовы, Ф. и П.", торговое товарищество (Оренбург). Ссудо-сберегательная касса служащих
Место публикации Оренбург
Дата публикации 1911-1914
Физическая характеристика 3 т.
Заглавие Отчет Ссудо-сберегательной кассы служащих Торгового товарищества Ф. и П. Панкратовых в Оренбурге...
Номер тома Г. существования 1-й, с 1 авг. 1910 г. по 1 авг. 1911 г.
801 #0 - ИСТОЧНИК ЗАПИСИ
Страна Российская Федерация
Организация NLR
Правила каталогизации psbo
801 #0 - ИСТОЧНИК ЗАПИСИ
Страна Российская Федерация
Организация RuMoRGB
Источник данных psbo
801 #1 - ИСТОЧНИК ЗАПИСИ
Страна Российская Федерация
Организация ProSoft-M
Источник данных rusmarc
852 ## - МЕСТОНАХОЖДЕНИЕ И ШИФР ХРАНЕНИЯ
Идентификатор организации NLR
Шифр хранения (Call Number) 18.157.4.125(1)
899 ## - ДАННЫЕ О МЕСТОНАХОЖДЕНИИ (устаревшее)
Местонахождение RuMoRGB
Шифр хранения U 48/337
942 ## - ДОПОЛНИТЕЛЬНЫЕ ЭЛЕМЕНТЫ ЗАПИСИ (АБИС)
Тип экземпляра АБИС Книга
980 ## - КОЛЛЕКЦИЯ
Название коллекции Национальная библиография
Экземпляры
Тип экземпляра Дата поступления Библиотека постоянного хранения Библиотека текущего хранения Место хранения Шифр хранения Штрих-код Статус экземпляра
Книга 26.10.2013 РНБ (Садовая) РНБ (Садовая) Русский книжный фонд -Главное здание, Ленинский читальный зал 18.157.4.125(1) 4995470-10